ВРЕМЕ (Запис номер 291853)
[ съкратено ]
| 000 -Лидер | |
|---|---|
| Контролно поле с фиксирана дължина | 01158nas a2200325 c 4500 |
| 001 - Контролен номер на записа | |
| Контролно поле | 291853 |
| 003 - Код на организацията, давaща контролен номер | |
| Контролно поле | BLK |
| 005 - Дата и час на последна редакция | |
| Контролно поле | 20240126102249.0 |
| 008 - Елементи от данни с фиксирана дължина | |
| fixed length control field | 180413b bul raner|||| |0| c1bulo| |
| 010 ## - Наследен системен номер | |
| LC control number | PRD00003043000 |
| 022 ## - Международен стандартен номер на серия ISSN | |
| Международният стандартен номер на серията ISSN | 0861-0894 |
| 040 ## - Източник на каталожния запис | |
| Идентификатор на билиотеката - собственик на записа | BLK |
| 041 ## - Код за език | |
| Код за езика на текст/звукозапис или на отделно заглавие | Български |
| Код за езика КДБФ | Български |
| 080 ## - УДК | |
| Текстов определител УДК | Вестници. Журналистика. Радио- и тележурналистика. Вж и 05; 070.48 |
| УДК код - определител по УДК | 07 |
| УДК - код + определител | 07 |
| 110 1# - Редна дума - колетивен орган | |
| Редна дума - наименование на организация или юридическо лице | Ред. кол. |
| Авторска отговорност (Описва отношението между автора и произведението) | Ред. кол.: Йордан Ганев |
| 9 (RLIN) | 388261 |
| 245 10 - Сведения за заглавието | |
| Заглавие | ВРЕМЕ |
| Подзаглавни данни | Ил. седмичник |
| Редно поле (дума) | Ред. кол. ; Ред. кол.: Йордан Ганев |
| Дата на създаване на произведението | Начална год. на издаване: Год.1, № 1 (1988), |
| 257 ## - Страна на издаване | |
| Страна на създаване/издаване | България |
| 260 ## - Област на издателските данни | |
| Име на издателя, разпространителя и проч. | Ред. кол. |
| Година на издаване | 1988 |
| Печатница | ИПК Родина |
| 300 ## - Физическа характеристика | |
| Размери/Мащаб | 60 |
| 310 ## - Текуща периодчност на изданието | |
| Срок за съхранение | срок за съхранение: 99 |
| 380 ## - Жанр | |
| Жанр | Общ отдел |
| 500 ## - Общи забележки | |
| Забележка | забележка:Излиза успоредно с в. Време - Super S. |
| 852 ## - Местоположение | |
| Форматна сигнатура | В 639а |
| 856 ## - Електронен адрес и достъп | |
| Електронен формат | pdf - файл |
| Път до файла /url/ | |
| 856 ## - Електронен адрес и достъп | |
| Електронен формат | pdf - файл |
| Път до файла /url/ | |
| 942 ## - АРТИКУЛИ | |
| Вид на библиотечния материал | Вестници |
| Скрит в OPAC | Не |
| Периодичен библиозапис | Да |
| 944 ## - СЪЗДАВАНЕ И РЕДАКЦИЯ на ЗАПИСА | |
| Създаване/Редакция | Създаване |
| Дата на регистрацията/редакция | Вася_Ганчева |
| Служител, извършил регистрацията/редакцията | 30540 |
| Статус, дата на статуса | Севдалина Тодорова |
| 944 ## - СЪЗДАВАНЕ И РЕДАКЦИЯ на ЗАПИСА | |
| Създаване/Редакция | Редакция |
| Служител, извършил регистрацията/редакцията | 04.06.2014 |
| 999 ## - СИСТЕМНИ КОНТРОЛНИ НОМЕРА | |
| Koha biblionumber | 291853 |
| Koha biblioitemnumber | 291853 |
| 999 ## - СИСТЕМНИ КОНТРОЛНИ НОМЕРА | |
| Koha biblioitemnumber | 291853 |
| Код за отписване | Код за изгубен артикул | Източник на класификационната схема | Код за повреда | Коз за рестрикции | Код за отдаване | Артикулен № | Име на библиотеката - собственик | Име на библиотеката, в която се намира в момента | Статус (Текущо местоположение) | Дата на вписване в системата | Местоположение - отдел | Цена в лева | Номерация (Хронология) | Инвентарен номер | Систематично азбучна сигнатура | Баркод | Номер на екземпляра | Цена в евро | Служебна бележка | Служебен тип на артикула | Бележка за публиката |
|---|---|---|---|---|---|---|---|---|---|---|---|---|---|---|---|---|---|---|---|---|---|
| Не е изгубен | Universal Decimal Classification | Не е повреден | без рестрикции | ползва се в читалня | 577045 | Регионална библиотека "Любен Каравелов" Русе | Регионална библиотека "Любен Каравелов" Русе | Хранилище | 1991-01-01 | Хранилище | 0.00 | Обхват на том: 1-27,29,31,33,35,37, | 598175 | В 639а | 130000598175 | 1 | 0.00 | Дост: Dp, Вид: Д, N: стар фонд, Дата инв: 04.06.2014, Бележки инв: Цб2014 | Вестници | Год. на изд.: 1991 | |
| Не е изгубен | Universal Decimal Classification | Не е повреден | без рестрикции | ползва се в читалня | 577046 | Регионална библиотека "Любен Каравелов" Русе | Регионална библиотека "Любен Каравелов" Русе | Хранилище | 1992-01-01 | Хранилище | 0.00 | Обхват на том: 1-11,13-35 | 598359 | В 639а | 130000598359 | 2 | 0.00 | Дост: Dp, Вид: Д, N: стар фонд, Дата инв: 04.06.2014, Бележки инв: Цб2014 | Вестници | Год. на изд.: 1992 |